Riečne meandre

Bibliographic Details
Main Author: Čillag, Ľuboš, 1956- (Author)
Format: Article
Language:Slovak
PhysicalDescription:Fotogr., sch.
ISSN:1335-7921
Subjects:

MARC

LEADER 00000nab a2200000 a 4500
001 vtls000765246
003 SK-MaSNL
005 20260302153253.0
008 140716c2001 xo 0 slo
015 |a SNBRB2001/08-23808 
035 |a CLN000117033 
040 |a SNKBUCL  |b slo  |c SNKBUCL  |e AACR2 
041 0 |a slo 
044 |a xo  |c SK 
080 |a 556.537  |2 1997 
080 |a 627.152.12  |2 1997 
100 1 |a Čillag, Ľuboš,  |d 1956-  |4 aut  |9 135283 
245 1 0 |a Riečne meandre  |c Ľuboš Čillag 
300 |b Fotogr., sch. 
650 0 7 |a meandre riečne  |2 snkbucl  |9 848053 
655 7 |a články z novín a časopisov  |2 snkbucl  |9 267496 
773 0 |t Ochrana prírody Slovenska  |g Č. 2 (2001), s. 13  |x 1335-7921 
850 |a Slovenská národná knižnica v Martine 
852 |a SNK  |b KIS3GCP 
992 |a RBX 
999 |c 1364937  |d 1366867